Земля родная : (Record no. 409367)
[ view plain ]
| 000 -LEADER | |
|---|---|
| fixed length control field | 01349nas a2200265 a 4500 |
| 003 - CONTROL NUMBER IDENTIFIER | |
| control field | AM-YeHGA |
| 005 - DATE AND TIME OF LATEST TRANSACTION | |
| control field | 20250617154323.0 |
| 008 - FIXED-LENGTH DATA ELEMENTS--GENERAL INFORMATION | |
| fixed length control field | 180321d19471964ru |||p|r|||||00||||rus|| |
| 040 ## - CATALOGING SOURCE | |
| Original cataloging agency | AM-YeHGA |
| 041 0# - LANGUAGE CODE | |
| Language code of text/sound track or separate title | rus |
| 090 ## - LOCALLY ASSIGNED LC-TYPE CALL NUMBER (OCLC); LOCAL CALL NUMBER (RLIN) | |
| -- | 411654 |
| 245 00 - TITLE STATEMENT | |
| Title | Земля родная : |
| Remainder of title | Литературно-художественный альманах / |
| Statement of responsibility, etc. | Орган Пензенского отделения Союза писателей РСФСР и Областного отделения со-за журналистов СССР. |
| 260 ## - PUBLICATION, DISTRIBUTION, ETC. | |
| Place of publication, distribution, etc. | Пенза : |
| Name of publisher, distributor, etc. | Пензенское областное издательство, |
| Date of publication, distribution, etc. | 1947- . |
| 300 ## - PHYSICAL DESCRIPTION | |
| Extent | книга ; |
| Dimensions | 32 см. |
| 310 ## - CURRENT PUBLICATION FREQUENCY | |
| Current publication frequency | Выходит 4 раза в год. |
| 362 ## - DATES OF PUBLICATION AND/OR SEQUENTIAL DESIGNATION | |
| Dates of publication and/or sequential designation | # 1 (1947) - (1964) |
| 500 ## - GENERAL NOTE | |
| General note | Редколлегия: М. Родионов (гл. ред.), А. Анисимова, З. Гусева, Н. Страхов, А. Цветков. |
| 505 10 - FORMATTED CONTENTS NOTE | |
| Miscellaneous information | Кн. 12 (1955, 244 с., ил.) |
| 650 04 - SUBJECT ADDED ENTRY--TOPICAL TERM | |
| Topical term or geographic name entry element | Ամսագիր |
| 650 14 - SUBJECT ADDED ENTRY--TOPICAL TERM | |
| Topical term or geographic name entry element | Художественная литература |
| Form subdivision | Альманах |
| 650 14 - SUBJECT ADDED ENTRY--TOPICAL TERM | |
| Topical term or geographic name entry element | Русская литература |
| 710 2# - ADDED ENTRY--CORPORATE NAME | |
| Corporate name or jurisdiction name as entry element | Союз писателей РСФСР |
| Subordinate unit | Пензенское отделение |
| 710 2# - ADDED ENTRY--CORPORATE NAME | |
| Corporate name or jurisdiction name as entry element | Союза журналистов СССР |
| Subordinate unit | Областное отделение |
| 942 ## - ADDED ENTRY ELEMENTS (KOHA) | |
| Source of classification or shelving scheme | Universal Decimal Classification |
| Koha item type | Շարունակական պաշար / Continuing Resource |
| Withdrawn status | Lost status | Source of classification or shelving scheme | Damaged status | Not for loan | Collection | Home library | Current library | Date acquired | Serial enumeration / chronology | Total checkouts | Full call number | Barcode | Date last seen | Price effective from | Koha item type | Public note |
|---|---|---|---|---|---|---|---|---|---|---|---|---|---|---|---|---|
| Universal Decimal Classification | General | Fundamental Scientific Library | Fundamental Scientific Library | 24/07/2018 | Кн. 12 | РД II/2973 | FL0514095 | 24/07/2018 | 24/07/2018 | Շարունակական պաշար / Continuing Resource | 30 Days Loan |
ՀՀ Գիտությունների ազգային ակադեմիայի հիմնարար գիտական գրադարան = Fundamental Scientific Library of NAS RA
All site content, except where otherwise noted, is licensed under a